| 000 | 00517nam a2200193Ia 4500 | ||
|---|---|---|---|
| 008 | 170203s9999 xx 000 0 und d | ||
| 020 | _a8477737835 | ||
| 050 | _aFic | ||
| 050 | _bAl316 | ||
| 245 | _aAladdin / | ||
| 260 | _aManila Philippines : | ||
| 260 | _bNational Book Store Inc. | ||
| 260 | _c2002 | ||
| 300 | _a1 volume (unpaged) : | ||
| 300 | _c26 cm | ||
| 440 | _aFirst words in English and Spanish. | ||
| 500 | _awith exciting activities for children. | ||
| 650 | _aChildren's stories, English. | ||
| 999 |
_c306550 _d306550 |
||